| 000 | | | 05069cbc2a2200289#x 450 |
| 001 | | | 738fa686-eede-4d72-bd9b-88dfe6fd5255 |
| 005 | | | 20230808135846.0 |
| 100 | ## | $a | 20171115l19221922k y0rusy50 ca |
| 101 | 0# | $a | rus |
| | $a | ger |
| 102 | ## | $a | RU |
| 105 | ## | $a | y z ||||| |
| 122 | 2# | $a | d19221107 |
| | $a | d19221117 |
| 200 | 1# | $a | Телеграммы о возвращении и зам. председателя Совнаркома Цюрупы из Берлина |
| | $j | 7-17 ноября 1922 |
| 215 | ## | $a | 6 листов |
| 251 | ## | $c | Дело |
| 300 | ## | $a | На папке дела: 23 мая 1922 г. - 17 ноября 1922 г. |
| 300 | ## | $a | Россыпь |
| 300 | ## | $a | Часть текста на немецком языке |
| 300 | ## | $a | Машинописный текст |
| 330 | ## | $a | Входит в раздел описи: VI. Бюро телеграмм. 18. Телеграммы общего характера |
| 461 | #0 | $1 | 001ad6baeac-e292-4829-90d1-2f4f65796a62 |
| | $1 | 2001 |
| | $a | СОВЕТ НАРОДНЫХ КОМИССАРОВ РСФСР (СНК РСФСР) |
| | $1 | 251 |
| | $c | Фонд |
| | $1 | 852 |
| | $g | Р |
| | $j | 130 |
| 462 | #0 | $1 | 001edfd37f9-d4a8-40e3-8015-e88afb5d9294 |
| | $1 | 2001 |
| | $a | 1922 г. |
| | $v | Д. 379 |
| | $1 | 251 |
| | $c | Опись |
| | $1 | 852 |
| | $j | 6 |
| 801 | #0 | $a | RU |
| | $b | GA_RF |
| 801 | #1 | $a | RU |
| | $b | АО "НПО Опыт" |
| | $c | 20171115 |
| | $2 | rusmarc |
| 801 | #2 | $a | RU |
| | $b | ПБ им. Б.Н. Ельцина |
| | $c | 20171213 |
| | $g | RCR |
| | $2 | rusmarc |
| 852 | ## | $a | ГА РФ |
| | $j | 379 |
| 937 | ## | $d | 111669295 |
| | $h | ПБ |
| 035 | ## | $a | RuPRLIB51053628 |
| 856 | ## | $u | http://readingroom.main.prlib.ru/item.aspx?id_node=n111669295&mode=full |
| 850 | ## | $a | Государственный архив Российской Федерации |
| 600 | #1 | $2 | nlr_sh1 |
| | $3 | RU\NLR\AUTH\66618546 |
| | $a | Цюрупа |
| | $g | Александр Дмитриевич |
| | $b | А.Д. |
| | $f | 1870 - 1928 |
| | $j | Архивные дела |
| 607 | ## | $2 | nlr_sh |
| | $3 | RU\NLR\AUTH\661358993 |
| | $a | Россия |
| | $x | История |
| | $z | 1917 - 1922 |
| | $j | Архивные дела |
| 686 | ## | $2 | rubbk |
| | $a | 63.3(2)613ю11 |
| | $v | LBC/M |
| 605 | ## | $2 | acquisition_Prlib |
| | $3 | DITM\AF\0000002775 |
| | $a | Власть |
| | $l | коллекция |
| 605 | ## | $a | Россия в лицах |
| | $l | коллекция |
| | $2 | acquisition_Prlib |
| | $3 | DITM\AF\0000004166 |